Informe Final /

Guardat en:
Dades bibliogràfiques
Autor corporatiu: Sistema Económico Latinoamericano, Comité de Acción de Apoyo al Desarrollo Económico y Social de Centroamérica SELA
Format: Text
Publicat: s.l.: SELA. CADESCA
Etiquetes: Afegir etiqueta
Sense etiquetes, Sigues el primer a etiquetar aquest registre!

MARC

LEADER 00000 a a2200000 04500
001 22456
003
040
090 |a 153000  
110 |a Sistema Económico Latinoamericano  
245 |a Informe Final /  |c Sistema Económico Latinoamericano  
260 |a s.l.:   |b SELA. CADESCA  
300 |a 53 p.  
710 |a Comité de Acción de Apoyo al Desarrollo Económico y Social de Centroamérica   |a SELA  
999 |c 11294  |d 11294